Peter Pan : Thunderbirds : The Borrowers (Record no. 390201)
[ view plain ]
| 000 -LEADER | |
|---|---|
| fixed length control field | 05083cgm a2200613 a 4500 |
| 001 - CONTROL NUMBER | |
| control field | ocm55675643 |
| 003 - CONTROL NUMBER IDENTIFIER | |
| control field | OCoLC |
| 005 - DATE AND TIME OF LATEST TRANSACTION | |
| control field | 20231127050331.0 |
| 007 - PHYSICAL DESCRIPTION FIXED FIELD--GENERAL INFORMATION | |
| fixed length control field | vd cvaizq |
| 008 - FIXED-LENGTH DATA ELEMENTS--GENERAL INFORMATION | |
| fixed length control field | 040618p20042003cau114 g vleng d |
| 020 ## - INTERNATIONAL STANDARD BOOK NUMBER | |
| International Standard Book Number | 025195013697 |
| 040 ## - CATALOGING SOURCE | |
| Original cataloging agency | EYM |
| Transcribing agency | EYM |
| Modifying agency | VP@ |
| -- | UINTA |
| Description conventions | rda |
| 082 #4 - DEWEY DECIMAL CLASSIFICATION NUMBER | |
| Classification number | DVD Peter Pan |
| 092 ## - LOCALLY ASSIGNED DEWEY CALL NUMBER (OCLC) | |
| Classification number | DVD Peter Pan |
| 245 10 - TITLE STATEMENT | |
| Title | Peter Pan : Thunderbirds : The Borrowers |
| Medium | [DVD] / |
| Statement of responsibility, etc | a Universal Picture, Columbia Picture, Revolution Studios presentation, a Douglas Wick-Lucy Fisher production, an Allied Stars production ; produced by Lucy Fisher, Douglas Wick, Patrick McCormick ; screenplay by P.J. Hogan and Michael Goldenberg ; directed by P.J. Hogan. |
| 260 ## - PUBLICATION, DISTRIBUTION, ETC. (IMPRINT) | |
| Place of publication, distribution, etc | Universal City, CA : |
| Name of publisher, distributor, etc | Universal, |
| Date of publication, distribution, etc | c2004, c2003. |
| 264 ## - Production, Publication, Distribution, Manufacture, and Copyright Notice. | |
| Place of production, publication, distribution, manufacture | Universal City, CA : |
| Name of producer, publisher, distributor, manufacturer | Universal, |
| Date of production, publication, distribution, manufacture, or copyr | 2003 |
| 300 ## - PHYSICAL DESCRIPTION | |
| Extent | 2 DVD's [1 hr. 54 min., 1 hr. 35 min., 1 hr 27 min.] : |
| Other physical details | sd., col. ; |
| Dimensions | 4 3/4 in. |
| 500 ## - GENERAL NOTE | |
| General note | Peter Pan : Based upon the original stageplay and books written by J.M. Barrie. |
| 500 ## - GENERAL NOTE | |
| General note | Peter Pan : Special features: navigate five magical worlds: Visit the Darling house: alternate ending, hilarious deleted scenes; Board the pirate ship: Through the eyes of Captain Hook, The lost pirate song; Explore the Neverland Forest: Tinkerbell: behind the dust, I do believe in fairies; Enter the Black Castle: learning to fly, Mermaids' tale; Dig into the home under the ground: the legacy of Pan. |
| 508 ## - CREATION/PRODUCTION CREDITS NOTE | |
| Creation/production credits note | Peter Pan : Director of photography, Donald M. McAlpine ; editors, Garth Craven, Michael Kahn ; music, James Newton Howard ; costume designer, Janet Patterson ; production designer, Roger Fort ; visual effects supervisor, Scott Farrar. |
| 511 1# - PARTICIPANT OR PERFORMER NOTE | |
| Participant or performer note | Peter Pan : Jason Isaacs, Jeremy Sumpter, Rachel Hurd-Wood, Oliva Williams, Ludivine Sagnier, Richard Briers, Lynn Redgrave, Geoffrey Palmer. |
| 520 ## - SUMMARY, ETC. | |
| Summary, etc | Peter Pan : In stifling Edwardian London, Wendy Darling mesmerizes her brothers every night with bedtime tales of swordplay, swashbucker skills and the ever fearsome Captain Hook. But the children become real heroes of an even greater story when Peter Pan flies into their nursery one night and takes them on a journey over moonlit rooftops to the lush jungles of Neverland. Wendy and her brothers join Peter and the Lost Boys in an exhilarating life, free of grown-up rules. Eventually facing the inevitable showdown with Captain Hook and his bloodthirsty pirates. Thunderbirds : Tracy Island not only houses Jeff Tracy and his five sons, but also serves as headquarters for the top-secret International Rescue organization. A criminal mastermind known only as "The Hood" manages to get past the island's security measures and trys to take over International Rescue. His goal is to steal the five most advanced rescue vehicles and use them for his own agenda. With Jeff and his four eldest sons on a mission, there's only one person with any hope of stopping the takeover - the youngest son, Alan, who vows to save his family and keep the Thunderbirds alive. The Borrowers : The Borrowers (1997): The miniature Clock family has lived with the Lenders for years ... the human "beans" just don't know it. Little things keep disappearing and the "Beans" can't figure out that the Clocks are simply "borrowing household items for their own home within the walls." When the evil, scheming lawyer Ocious P. Potter tries to evict the Lenders from their happy home, the Borrowers try to stop him with a little ingenuity. Suddenly, the toaster's a catapult, the measuring tape is an elevator, the dental floss is a backpack, and the lawyer is about to meet his match. |
| 521 8# - TARGET AUDIENCE NOTE | |
| Target audience note | Peter Pan : MPAA rating: PG; for adventure action sequences and peril. |
| 538 ## - SYSTEM DETAILS NOTE | |
| System details note | Peter Pan : DVD; NTSC (Region 1); widescreen (2.40:1) presentation; Dolby Digital, DTS, SDDS. |
| 650 #0 - SUBJECT ADDED ENTRY--TOPICAL TERM | |
| Topical term or geographic name as entry element | Peter Pan (Fictitious character) |
| Form subdivision | Drama. |
| 9 (RLIN) | 5680812 |
| 650 #0 - SUBJECT ADDED ENTRY--TOPICAL TERM | |
| Topical term or geographic name as entry element | Never-Never Land (Imaginary place) |
| Form subdivision | Drama. |
| 9 (RLIN) | 5747010 |
| 650 #0 - SUBJECT ADDED ENTRY--TOPICAL TERM | |
| Topical term or geographic name as entry element | Feature films. |
| 9 (RLIN) | 6160936 |
| 650 #0 - SUBJECT ADDED ENTRY--TOPICAL TERM | |
| Topical term or geographic name as entry element | Video recordings for the hearing impaired. |
| 9 (RLIN) | 6160937 |
| 700 1# - ADDED ENTRY--PERSONAL NAME | |
| Personal name | Fisher, Lucy. |
| 9 (RLIN) | 71400 |
| 700 1# - ADDED ENTRY--PERSONAL NAME | |
| Personal name | Wick, Douglas. |
| 9 (RLIN) | 75862 |
| 700 1# - ADDED ENTRY--PERSONAL NAME | |
| Personal name | McCormick, Patrick. |
| 9 (RLIN) | 71401 |
| 700 1# - ADDED ENTRY--PERSONAL NAME | |
| Personal name | Hogan, P. J. |
| 9 (RLIN) | 64321 |
| 700 1# - ADDED ENTRY--PERSONAL NAME | |
| Personal name | Goldenberg, Michael. |
| 9 (RLIN) | 76498 |
| 700 1# - ADDED ENTRY--PERSONAL NAME | |
| Personal name | Isaacs, Jason, |
| Dates associated with a name | 1963- |
| 9 (RLIN) | 68412 |
| 700 1# - ADDED ENTRY--PERSONAL NAME | |
| Personal name | Sumpter, Jeremy, |
| Dates associated with a name | 1989- |
| 9 (RLIN) | 77807 |
| 700 1# - ADDED ENTRY--PERSONAL NAME | |
| Personal name | Hurd-Wood, Rachel, |
| Dates associated with a name | 1990- |
| 9 (RLIN) | 70643 |
| 700 1# - ADDED ENTRY--PERSONAL NAME | |
| Personal name | Williams, Olivia, |
| Dates associated with a name | 1968- |
| 9 (RLIN) | 58702 |
| 700 1# - ADDED ENTRY--PERSONAL NAME | |
| Personal name | Sagnier, Ludivine, |
| Dates associated with a name | 1979- |
| 9 (RLIN) | 69279 |
| 700 1# - ADDED ENTRY--PERSONAL NAME | |
| Personal name | Briers, Richard. |
| 9 (RLIN) | 30546 |
| 700 1# - ADDED ENTRY--PERSONAL NAME | |
| Personal name | Redgrave, Lynn, |
| Dates associated with a name | 1943- |
| 9 (RLIN) | 27694 |
| 700 1# - ADDED ENTRY--PERSONAL NAME | |
| Personal name | Palmer, Geoffrey, |
| Dates associated with a name | 1927- |
| 9 (RLIN) | 61783 |
| 700 1# - ADDED ENTRY--PERSONAL NAME | |
| Personal name | McAlpine, Donald M. |
| 9 (RLIN) | 66662 |
| 700 1# - ADDED ENTRY--PERSONAL NAME | |
| Personal name | Craven, Garth. |
| 9 (RLIN) | 71402 |
| 700 1# - ADDED ENTRY--PERSONAL NAME | |
| Personal name | Howard, James Newton. |
| 9 (RLIN) | 34915 |
| 700 1# - ADDED ENTRY--PERSONAL NAME | |
| Personal name | Patterson, Janet. |
| 9 (RLIN) | 71403 |
| 700 1# - ADDED ENTRY--PERSONAL NAME | |
| Personal name | Ford, Roger. |
| 9 (RLIN) | 57000 |
| 700 1# - ADDED ENTRY--PERSONAL NAME | |
| Personal name | Barrie, J. M. |
| Fuller form of name | (James Matthew), |
| Dates associated with a name | 1860-1937. |
| Title of a work | Peter Pan. |
| 9 (RLIN) | 26599 |
| 710 2# - ADDED ENTRY--CORPORATE NAME | |
| Corporate name or jurisdiction name as entry element | Universal Pictures (Firm) |
| 9 (RLIN) | 19584 |
| 710 2# - ADDED ENTRY--CORPORATE NAME | |
| Corporate name or jurisdiction name as entry element | Columbia Pictures. |
| 9 (RLIN) | 23896 |
| 710 2# - ADDED ENTRY--CORPORATE NAME | |
| Corporate name or jurisdiction name as entry element | Revolution Studios. |
| 9 (RLIN) | 67435 |
| 710 2# - ADDED ENTRY--CORPORATE NAME | |
| Corporate name or jurisdiction name as entry element | Allied Stars (Firm) |
| 9 (RLIN) | 66513 |
| 942 ## - ADDED ENTRY ELEMENTS (KOHA) | |
| Koha item type | DVD |
| Source of classification or shelving scheme | Dewey Decimal Classification |
| Withdrawn status | Lost status | Source of classification or shelving scheme | Damaged status | Not for loan | Collection code | Home library | Current library | Shelving location | Date acquired | Source of acquisition | Total Checkouts | Total Renewals | Full call number | Barcode | Date last seen | Date checked out | Price effective from | Koha item type |
|---|---|---|---|---|---|---|---|---|---|---|---|---|---|---|---|---|---|---|
| Dewey Decimal Classification | Movies | Wasatch County Library | Wasatch County Library | Audio Visual Area | 11/27/2023 | Donation | 2 | 3 | DVD Peter Pan, Thunderbirds, Borrowers | 34301002021287 | 02/03/2025 | 01/27/2025 | 11/27/2023 | DVD |
